| 000 | 00992nam a22002537a 4500 | ||
|---|---|---|---|
| 999 |
_c20338 _d20338 |
||
| 003 | AR-CdUCM | ||
| 008 | 190529b ||||| |||| 00| 0 spa d | ||
| 020 | _a968-18-0574-7 | ||
| 040 |
_aMUNICIPALIDAD PROVINCIAL DEL CUSCO _cBIBLIOTECA MUNICIPAL DEL CUSCO |
||
| 082 |
_a657.4 / _bB88 _24ed. |
||
| 100 |
_aBuffa, Elwood S. _942522 |
||
| 245 | _aAdministración y dirección técnica de la producción / | ||
| 260 |
_aMéxico, D. F. : _bLimusa, _c1965. |
||
| 300 |
_a671 páginas ; _c25 cm. |
||
| 500 | _aVersión española: Eduardo Suarez | ||
| 505 | _aContenido: Pasado y presente de la administración de la producción y las operaciones -- Las decisiones y la función de producción... | ||
| 650 |
_aSistemas de producción _942523 |
||
| 650 |
_aEconomía de la producción _942524 |
||
| 650 |
_aDiseño de producción _922213 |
||
| 650 |
_aMétodo Simplex _942525 |
||
| 700 |
_aVelazquez Mastretta, Gustavo (revisión técnica) _942526 |
||
| 942 |
_2ddc _cLIBROS |
||
| 945 | _aAndy | ||